La princesa y los trasgos / (Record no. 15016)

MARC details
000 -LEADER
campo de control de longitud fija 00734nam a2200217 i 4500
001 - NÚMERO DE CONTROL
campo de control 15016
003 - IDENTIFICADOR DE NÚMERO DE CONTROL
campo de control ES-MaACL
005 - FECHA Y HORA DE LA ÚLTIMA TRANSACCIÓN
campo de control 20231222205014.0
007 - CAMPO FIJO DE DESCRIPCIÓN FÍSICA--INFORMACIÓN GENERAL
campo de control de longitud fija t|
008 - DATOS DE LONGITUD FIJA--INFORMACIÓN GENERAL
campo de control de longitud fija 991129s1996 sp ||||1| spa d
020 ## - NÚMERO INTERNACIONAL ESTÁNDAR DEL LIBRO
Número Internacional Estándar del Libro 84-226-6047-4
080 ## - NÚMERO DE LA CLASIFICACIÓN DECIMAL UNIVERSAL
Número de la Clasificación Decimal Universal 087.5:82
100 1# - ENTRADA PRINCIPAL--NOMBRE DE PERSONA
Nombre de persona MacDonald, George (
Fechas asociadas al nombre 1824-1905)
9 (RLIN) 75110
245 13 - MENCIÓN DEL TÍTULO
Título La princesa y los trasgos /
Mención de responsabilidad, etc. George MacDonald ; estudio preliminar y traducción de Carmen Martín Gaite ; ilustraciones de Arthur Hughes.
260 ## - PUBLICACIÓN, DISTRIBUCIÓN, ETC.
Lugar de publicación, distribución, etc. Barcelona :
Nombre del editor, distribuidor, etc. Círculo de Lectores,
Fecha de publicación, distribución, etc. [1996]
300 ## - DESCRIPCIÓN FÍSICA
Extensión 290 p. ;
Dimensiones 22 cm.
700 1# - ENTRADA AGREGADA--NOMBRE PERSONAL
Nombre de persona Martín Gaite, Carmen,
Fechas asociadas al nombre 1925-2000
9 (RLIN) 77496
700 1# - ENTRADA AGREGADA--NOMBRE PERSONAL
Nombre de persona Hughes, Arthur.
9 (RLIN) 64605
852 ## - LOCALIZACIÓN
Ubicación ES-MaACL
Número de control de estantería L-22174
Sublocalización o colección R.127487
Holdings
Estatus retirado Estado de pérdida Estado de daño No para préstamo Biblioteca de origen Biblioteca actual Ubicación en estantería Fecha de adquisición Fuente de adquisición Total de préstamos Signatura topográfica completa Código de barras Visto por última vez Precio de reemplazo Tipo de ítem Koha
        Biblioteca del Ateneo de Madrid Biblioteca del Ateneo de Madrid Depósito 2 17/01/2008     L-22174 1015271 23/02/2023 23/02/2023 Libro impreso